Traité de chirimie physique appliquée a la biologie / (Record no. 57997)

MARC details
000 -LEADER
campo de control de longitud fija 00458nam a2200145 i 4500
001 - NÚMERO DE CONTROL
campo de control 57997
003 - IDENTIFICADOR DE NÚMERO DE CONTROL
campo de control ES-MaACL
007 - CAMPO FIJO DE DESCRIPCIÓN FÍSICA--INFORMACIÓN GENERAL
campo de control de longitud fija t|
008 - DATOS DE LONGITUD FIJA--INFORMACIÓN GENERAL
campo de control de longitud fija 031020m19341938fr ||||1| fre d
100 1# - ENTRADA PRINCIPAL--NOMBRE DE PERSONA
Nombre de persona Duclaux, Jacques.
9 (RLIN) 45838
245 10 - MENCIÓN DEL TÍTULO
Título Traité de chirimie physique appliquée a la biologie /
Mención de responsabilidad, etc. J. Duclaux.
260 ## - PUBLICACIÓN, DISTRIBUCIÓN, ETC.
Lugar de publicación, distribución, etc. Paris :
Nombre del editor, distribuidor, etc. Hermann et Cie.,
Fecha de publicación, distribución, etc. 1934-38 (
Lugar de fabricación/manufactura Saint Amand :
Fabricante Bussière)
300 ## - DESCRIPCIÓN FÍSICA
Extensión 2 v. :
Otras características físicas il. ;
Dimensiones 26 cm.
852 ## - LOCALIZACIÓN
Ubicación ES-MaACL
Número de control de estantería E-1718-19
Sublocalización o colección R.22510
Holdings
Estatus retirado Estado de pérdida Estado de daño No para préstamo Biblioteca de origen Biblioteca actual Ubicación en estantería Fecha de adquisición Fuente de adquisición Total de préstamos Signatura topográfica completa Código de barras Visto por última vez Precio de reemplazo Tipo de ítem Koha
        Biblioteca del Ateneo de Madrid Biblioteca del Ateneo de Madrid Depósito 2 17/01/2008     E-1718-19 1060869 23/02/2023 23/02/2023 Libro impreso